| 000 | 00414nam a22001577a 4500 | ||
|---|---|---|---|
| 999 |
_c532379 _d532379 |
||
| 003 | NUST | ||
| 005 | 20191119111224.0 | ||
| 008 | 191119b ||||| |||| 00| 0 eng d | ||
| 038 | _aMSOHAIL | ||
| 082 | _a0 | ||
| 100 |
_aDaniel John Stine _920899 |
||
| 245 | _aDesign Irrigation using Auto-desk Revit 2014 | ||
| 260 |
_aWashington _bSchroff Development Corporation _cc2014 |
||
| 300 | _av.p; | ||
| 942 |
_2ddc _cBK |
||